My country 'tis of me : helping children discover citizenship through cultural heritage /

Bibliographic Details
Main Author: Kohn, Rita T.
Other Authors: Lutholtz, Catherine Hanley, 1954-, Kelly, Dennis, 1946-
Format: Book
Language:English
Published: Jefferson, N.C. : McFarland, [1988]
Subjects:

MARC

Tag First Indicator Second Indicator Subfields
LEADER 00000cam a2200000 a 4500
001 in00000017860
005 20151007053100.0
008 871130s1988 ncu b 00110 eng
010 |a  87043166  
020 |a 0899503233 (lib. bdg. : alk. paper) :  |c $14.95 
035 |a (OCoLC)17259950 
035 |9 AAB0338AM 
040 |a DLC  |c DLC  |d TXA  |d UtOrBLW 
043 |a n-us--- 
049 |a TXAM  |c [A11467767] 
050 0 0 |a LB1530  |b .K64 1988 
082 0 |a 372.8/3044  |2 19 
100 1 |a Kohn, Rita T. 
245 1 0 |a My country 'tis of me :  |b helping children discover citizenship through cultural heritage /  |c by Rita Kohn, Catherine Hanley Lutholtz, Dennis Kelly. 
264 1 |a Jefferson, N.C. :  |b McFarland,  |c [1988] 
264 4 |c ©1988 
300 |a ix, 165 pages ;  |c 24 cm. 
336 |a text  |b txt  |2 rdacontent 
337 |a unmediated  |b n  |2 rdamedia 
338 |a volume  |b nc  |2 rdacarrier 
504 |a Bibliography: pages 127-159. 
500 |a Includes index. 
650 0 |a Social sciences  |x Study and teaching (Primary)  |z United States. 
650 0 |a National characteristics, American  |x Study and teaching (Primary) 
651 0 |a United States  |x Social conditions  |x Study and teaching (Primary) 
650 0 |a Activity programs in education  |z United States. 
700 1 |a Lutholtz, Catherine Hanley,  |d 1954- 
700 1 |a Kelly, Dennis,  |d 1946- 
999 |a MARS 
999 f f |s e024d412-d8de-3d0b-a9c5-29edfe420a68  |i 576a183a-8ff3-3ec0-8175-69e035a220ed  |t 0 
952 f f |p normal  |a Texas A&M University  |b College Station  |c Sterling C. Evans Library  |d Evans: Library Stacks  |t 0  |e LB1530 .K64 1988  |h Library of Congress classification  |i unmediated -- volume  |m A14811467767 
998 f f |a LB1530 .K64 1988  |t 0  |l Evans: Library Stacks